Simulation mit GPSS
Saved in:
| Main Author: | |
|---|---|
| Format: | Book |
| Language: | German |
| Published: |
München
Oldenbourg
1978
|
| Tags: |
No Tags, Be the first to tag this record!
|
MARC
| LEADER | 00000nam a2200000 4500 | ||
|---|---|---|---|
| 001 | c140403 | ||
| 005 | 20041019155318.8 | ||
| 041 | 0 | |a ger | |
| 044 | |a DE | ||
| 245 | 1 | 0 | |a Simulation mit GPSS |c Heinrich Rösmann |
| 264 | 1 | |a München |b Oldenbourg |c 1978 | |
| 300 | |a 158 s. | ||
| 100 | 1 | |a Rösmann, Heinrich | |